|
|
|
|
| LEADER |
01219naa a2200217 i 4500 |
| 001 |
acta66468 |
| 005 |
20221213152010.0 |
| 008 |
200423s2019 hu o 1|| hun d |
| 020 |
|
|
|a 978-963-306-710-9
|
| 040 |
|
|
|a SZTE Egyetemi Kiadványok Repozitórium
|b hun
|
| 041 |
|
|
|a hun
|
| 100 |
1 |
|
|a Horváth Miklós
|
| 245 |
1 |
2 |
|a A Magyar Néphadsereg (Magyar Honvédség) főtiszti kara összetételének és mentalitásának változásai az 1980-as és 1990-es években
|h [elektronikus dokumentum] :
|b [absztrakt] /
|c Horváth Miklós
|
| 260 |
|
|
|a Szegedi Tudományegyetem Állam- és Jogtudományi Kar Politológiai Tanszék
|b Szeged
|c 2019
|
| 300 |
|
|
|a 63
|
| 490 |
0 |
|
|a 1989 és a rendszerváltás: a társadalmi cselekvés lehetőségei : absztraktkötet
|
| 650 |
|
4 |
|a Bölcsészettudományok
|
| 650 |
|
4 |
|a Történettudomány és régészet
|
| 695 |
|
|
|a Magyar Honvédség - előadáskivonat, Hadsereg - Magyarország - 1980-1990-es évek - előadáskivonat
|
| 711 |
|
|
|a 1989 és a rendszerváltás:a társadalmi cselekvés lehetőségei : Interdiszciplináris jelenkor-történeti és politológiai konferencia
|c Szeged
|d 2019
|
| 856 |
4 |
0 |
|u http://acta.bibl.u-szeged.hu/66468/1/1989_es_a_rendszervaltas_063.pdf
|z Dokumentum-elérés
|